000 00447nam a2200181Ia 4500
003 GCL
008 140319s9999 xx 000 0 eng d
040 _aGCL /
_cGCL
082 0 4 _a745.592
_bG C
100 1 _aGERWAL CLARK, BRENDA
245 1 0 _aTHE CALLECTOR,S BOOK OF DOLLS /
_cGERWAL CLARK, BRENDA
260 _a[S.N] :
_bAPPLE PRESS ،
_c1991
300 _a128\P
650 0 4 _aARTS
650 0 4 _aTOYS
650 0 4 _aDOLLS
942 _2ddc
_cBK
999 _c20838
_d20838